| 000 | 00806nam a22001817a 4500 | ||
|---|---|---|---|
| 999 |
_c371727 _d371727 |
||
| 008 | 201127b ||||| |||| 00| 0 eng d | ||
| 040 |
_aDE-2950 _bger _cDE-2950 _erda |
||
| 041 | _ager | ||
| 245 |
_aHerzlichen Glückwunsch zum Abitur 2022. _bAbschluss: Mehr als 300 junge Menschen aus Frankfurt (Oder) haben in den vergangenen Tagen am Carl-Friedrich-Gauß-Gymnasium, an der Sportschule, am Oberstufenzentrum Konrad Wachsmann und an der Waldorfschule ihr Abiturzeugnis erhalten ... |
||
| 264 | _c2022 | ||
| 653 | _aFrankfurt (Oder) | ||
| 653 | _aAbitur 2022 | ||
| 773 |
_dFrankfurt (Oder) Märkisches Verlags- und Druckhaus GmbH & Co KG _tMärkische Oderzeitung _g33. Jahrgang (2022) Nr. 152 vom 05.07.2022, S. 18 |
||
| 942 | _cA | ||